|
|
|
|
| LEADER |
01175nam a22002777a 4500 |
| 001 |
41144 |
| 003 |
BD-DhAAL |
| 008 |
230417t2021 bg a|||| |||| 00| 0 eng d |
| 020 |
|
|
|a 9789849572015
|
| 040 |
|
|
|a BD-DhAAL
|c BD-DhAAL
|
| 082 |
|
|
|a 915.6041
|
| 100 |
|
|
|a Chatterjee, Jharna
|9 54065
|
| 245 |
|
|
|a It's a wonderful world /
|c Jharna Chatterjee.
|
| 260 |
|
|
|a Dhaka :
|b Palok,
|c 2021.
|
| 300 |
|
|
|a 183 pages :
|b color illustrations ;
|c 22 cm.
|
| 362 |
|
|
|a Coffee Table Book Series for Travelers
|
| 500 |
|
|
|a Memories of Middle East, South Africa, South America, Far East.
|
| 541 |
|
|
|a Complimentary copy from Dr. Jharna Chatterjee
|e 41144
|
| 651 |
|
|
|a Middle East
|x Description and travel.
|9 54066
|
| 651 |
|
|
|a South Africa
|x Description and travel.
|9 54067
|
| 651 |
|
|
|a South America
|x Description and travel.
|9 54068
|
| 830 |
|
|
|a Coffee Table Book Series for Travelers
|9 54069
|
| 852 |
|
|
|a Ayesha Abed Library
|c General Stacks
|
| 942 |
|
|
|2 ddc
|c BK
|
| 999 |
|
|
|c 45680
|d 45680
|
| 952 |
|
|
|0 0
|1 0
|2 ddc
|4 0
|6 915_604100000000000_CHA
|7 0
|9 73558
|a BRACUL
|b BRACUL
|c GEN
|d 2023-04-17
|e Complimentary copy from Dr. Jharna Chatterjee
|g 450.00
|l 0
|o 915.6041 CHA
|p 3010041144
|r 2023-04-17
|t 1
|w 2023-04-17
|y BK
|